000 00422nam a22001337a 4500
999 _c130548
_d130548
008 201028b ||||| |||| 00| 0 eng d
050 _aBX2435.W667
100 _aWilcken, John
_950010
245 _aReligious life today:
_ba theological and scriptual approach
_c/ by John Wilcken
260 _aBangalore:
_bAsian Trading,
_c1977.
300 _a110p. ;
_c18cm.
650 _aReligious life
_95701
942 _2lcc
_cMONOGRAPH